00988nam a2200277 a 450000100060000000300080000600500170001400800410003102000150007203500190008704000320010604100080013808200260014610000280017224500860020025000120028626000410029830000360033950000490037550400300042465000400045465100460049494200120054099900170055295201410056968547BD-RjUL20211209081802.0170403r19691967enkabe b 001 0 eng d a0416132901 a(BD-RjUL)68757 aDLCcDLCdDLCdBD-RjULbeng aeng00223a330.952bDEJ 19691 aDempster, Prue.920316010aJapan advances: A geographical study /cPrue Dempster ;cartography by K. J. Wass. a2nd ed. aLondon :bMethuen & Co. Ltd.,c1969. axviii, 332 p. :bill. ;c25 cm. aDistributed in the U.S.A. by Barnes & Noble. aBibliography: p. 311-321. aJapanxEconomic conditions.9203161 0aJapanxEconomic conditionsxMaps.9203162 2ddccBK c68547d68547 00102ddc40718NFICaRUCLbRUCLcReadingd1971-07-29eZeittingerg75.00l0o330.952 DEJ 1969r2017-04-03 00:00:00tC-1w2017-04-03yBK